000 00304nam a22001457a 4500
020 _a0-7214-1098-7
082 _a823
_bSTI/S
100 _aSTIMSON, JOAN
245 _aSTORY TIME 3 YEARS OLD
250 _a1
260 _aUK
_bLADYBIRD
300 _a43
650 _aENGLISH SHORT STORY
_zUK
942 _cBK
999 _c4663
_d4663